Statistics in language studies
Αποθηκεύτηκε σε:
| Κύριος συγγραφέας: | |
|---|---|
| Άλλοι συγγραφείς: | , |
| Μορφή: | Βιβλίο |
| Γλώσσα: | English |
| Δημοσίευση: |
Cabmridge :
Cambridge University Press,
2000
|
| Έκδοση: | repr. |
| Σειρά: | Cambridge textbooks in linguistics
|
| Θέματα: | |
| Ετικέτες: |
Προσθήκη ετικέτας
Δεν υπάρχουν, Καταχωρήστε ετικέτα πρώτοι!
|
MARC
| LEADER | 00000nam a2200000 i 4500 | ||
|---|---|---|---|
| 001 | 1/26173 | ||
| 008 | 020809s2000 eng d | ||
| 020 | |a 0-521-273-129 | ||
| 035 | |l 10068203 | ||
| 040 | |a GR-MY-UA |b gre |e aacr | ||
| 041 | 0 | |a eng | |
| 082 | 0 | |a 519.5 | |
| 100 | 0 | |a Woods, Anthony. | |
| 245 | 1 | 0 | |a Statistics in language studies / |c Anthony Woods, Paul Fletcher, Arthur Hughes |
| 250 | |a repr. | ||
| 260 | |a Cabmridge : |b Cambridge University Press, |c 2000 | ||
| 300 | |a 322 p. | ||
| 490 | 1 | |a Cambridge textbooks in linguistics | |
| 650 | 0 | 0 | |a Linguistics |x Statistical methods. |
| 700 | 1 | |a Fletcher, Paul. | |
| 700 | 1 | |a Hughes, Arthur |d 1941- | |
| 830 | 0 | |a Cambridge textbooks in linguistics | |
| 852 | |a INST |b RHODES |e 20020809 |h 519.5 WOO |p 005400016282 |q 005400016282 |t BK |y 0 | ||
| 901 | |a BIBL4-2002-2 | ||
| 909 | |a Ρ |b 102315 | ||
| 922 | |a 4ΕΛΗ |b 200206 |c ΚΠΣ/124 | ||
| 970 | |a ΚΟΥΛΑΚΙΟΤΗ |b ΛΙΤΣΑ |z 2002/08/21 | ||